00258nam a2200097Ia 4500008004100000100002200041245001800063260002700081300000900108650004300117190216s9999||||xx |||||||||||||| ||und|| aCarolyn Jorgensen 0aMastering 123 bBpb Publicationsc1986 a466p a"Computer Programming. Programs, Data"